| 000 | 00000nam 2200000zi 4500 |
| 001 | 9.902840 |
| 003 | CaOODSP |
| 005 | 20240911071941 |
| 006 | m o d f |
| 007 | cr ||||||||||| |
| 008 | 210825t20212021onc o f00| 0 eng d |
| 020 | |a9780660401676 |
| 040 | |aCaOODSP|beng|erda|cCaOODSP |
| 043 | |an-cn--- |
| 086 | 1 |aT29-168/2021E-PDF |
| 245 | 00|aSmall Vessel Compliance Program Tugboat (SVCP-T) detailed compliance report guidance notes. |
| 250 | |a1st Edition |
| 264 | 1|a[Ottawa] : |bTransport Canada = Transports Canada, |c2021. |
| 264 | 4|c©2021 |
| 300 | |a1 online resource (39 pages) |
| 336 | |atext|btxt|2rdacontent |
| 337 | |acomputer|bc|2rdamedia |
| 338 | |aonline resource|bcr|2rdacarrier |
| 500 | |aIssued also in French under title: Notes d’orientation pour le rapport de conformité détaillé du Programme de conformité des petits bâtiments – remorqueur (PCPB–R). |
| 500 | |aIssued also in HTML format. |
| 500 | |a"Nov 2021." |
| 500 | |a"TP 15491E." |
| 650 | 0|aTugboats|xSafety regulations|zCanada. |
| 650 | 0|aTugboats|xSafety measures|xStandards|zCanada. |
| 650 | 0|aTugboats|xDesign and construction|xStandards|zCanada. |
| 710 | 1 |aCanada. |bTransport Canada, |eissuing body. |
| 775 | 08|tNotes d’orientation pour le rapport de conformité détaillé du Programme de conformité des petits bâtiments – remorqueur (PCPB–R).|w(CaOODSP)9.902842 |
| 794 | |tSmall Vessel Compliance Program tug (SVCP-T) detailed compliance report guidance notes.|b(2nd edition)|w(CaOODSP)9.938019 |
| 856 | 40|qPDF|s1.06 MB|uhttps://publications.gc.ca/collections/collection_2022/tc/T29-168-2021-eng.pdf |
| 856 | 4 |qHTML|sN/A|uhttps://tc.canada.ca/en/marine-transportation/marine-safety/tp15491e-small-vessel-compliance-program-tug-guidance-notes |